Tiempo pasado

Kaydedildi:
Detaylı Bibliyografya
Yazar: Valdés Valdés, Ismael (Yazar)
Materyal Türü: Kitap
Dil:İspanyolca
Baskı/Yayın Bilgisi: Santiago Imprenta Siglo XX, Santo Domingo 684 1936
Edisyon:1a. ed
Konular:
Etiketler: Etiketle
Etiket eklenmemiş, İlk siz ekleyin!

MARC

LEADER 00000nam a2200000 a 4500
001 UCJ4836
003 CL-VaPUC
008 070124e19360000CL |||||||||||||||||spa|d
082 0 4 |a 983  |b VAL  |2 21 
100 0 |a Valdés Valdés, Ismael  |e author  |9 504489 
245 1 0 |a Tiempo pasado 
250 |a 1a. ed 
300 |a 396 p 
651 0 |a Valparaíso, Chile  |9 261144 
942 |c BK 
945 |d 20070124 00:00:00  |a rinostro 
260 |a Santiago  |b Imprenta Siglo XX, Santo Domingo 684  |c 1936 
500 |a El libro reúne artículos que el autor publicó originalmente en el diario El Mercurio de Santiago 
600 0 7 |a CONGRESO PANAMERICANO DEL NIÑO  |2 CL-VaPUC  |9 509233 
600 0 7 |a CONGRESO NACIONAL DE PROTECCION A LA INFANCIA  |2 CL-VaPUC  |9 509234 
600 0 7 |a PATRONATO NACIONAL DE LA INFANCIA  |2 CL-VaPUC  |9 509235 
600 0 7 |a EL MERCURIO DE SANTIAGO  |2 CL-VaPUC  |9 506526 
650 0 |a Prensa y periodismo   |z Chile  |9 504409 
650 0 |a Artículos de prensa   |9 505087 
650 7 |a CRITICA SOCIAL  |2 CL-VaPUC  |9 331282 
650 0 |a Partidos políticos  |9 254999 
650 0 |a Beneficencia pública  |9 390898 
650 7 |a NIÑOS ABANDONADOS  |2 CL-VaPUC  |9 307993 
650 0 |a Pobreza  |9 258652 
650 0 |a Ciudades  |9 265474 
650 0 |a Urbanismo  |9 255208 
650 0 |a Parlamentarismo  |9 315379 
650 7 |a CRISIS POLITICAS  |2 CL-VaPUC  |9 337669 
650 7 |a DIARIOS Y REVISTAS  |2 CL-VaPUC  |9 504436 
650 0 |a Historia de Chile  |9 265473 
583 |a last modification  |c 20070124 00:00:00  |k Rodrigo Vera 
999 |c 320951  |d 320949 
952 |0 0  |1 0  |4 0  |6 983_000000000000000_VAL_1936  |7 0  |8 X  |9 399593  |a FDOBUD  |b FDOBUD  |d 2019-11-22  |i 1026585  |o 983 VAL 1936  |p 1026585  |r 2019-11-22  |w 2019-11-22  |y BK_X  |k BUD